| 000 | 01236nam a2200349 c 4500 | ||
|---|---|---|---|
| 003 | BLK | ||
| 005 | 20180420224830.0 | ||
| 008 | 180408b bul|||||r ||||||| ||bul|| | ||
| 010 | _aKNG00089195000 | ||
| 020 |
_a978-0-8213-6811-4 _bиздат.: The World Bank |
||
| 040 | _aBLK | ||
| 041 |
_aENG _cENG |
||
| 080 |
_aИкономическо положение. Икономическа политика. Управление. Планиране. Производство. Услуги. Цени _b338 _x(479.25) _z338(479.25) |
||
| 100 | 1 |
_aMitra, Saumya _eпърви автор _9301463 |
|
| 139 |
_aThe Caucasian Tiger _bC 35 |
||
| 245 | 1 | 0 |
_aThe Caucasian Tiger _bSustaining Econ. growth in Armenia _cSaumya Mitra. |
| 257 | _aUSA | ||
| 260 |
_аWashington _bThe World Bank _c2007 |
||
| 300 |
_a610 p. _btab., diagr. _c24 cm |
||
| 380 | _a3 | ||
| 500 | _aBibliogr. p.581-589 ; Index | ||
| 504 | _a581-589 | ||
| 650 | 4 |
_aИкономическо развитие _9249162 |
|
| 651 | 4 |
_aАрмения _9178546 |
|
| 653 | _aикономическо развитие | ||
| 653 | _aАрмения | ||
| 852 | _aЦб 243809 | ||
| 856 | 4 |
_qpdf _u |
|
| 856 | 4 |
_qpdf _u |
|
| 942 |
_cKNG _n0 |
||
| 944 |
_aCR _c27.04.2009 _kМилена_Ачева |
||
| 944 |
_aED _c07.05.2009 _k |
||
| 999 |
_c84607 _d84607 |
||